Hydrochemical facies and ground-water flow patterns in northern part of Atlantic Coastal Plain.

Bibliographic Details
Main Author: Back, William, 1925-
Format: Government Document Book
Language:English
Published: Washington : U.S. Govt. Print. Off, 1966.
Series:Hydrology of aquifer systems.
Geological Survey professional paper ; 498-A.
Subjects:

MARC

Tag First Indicator Second Indicator Subfields
LEADER 00000cam a2200000 4500
001 in00002782648
005 20151202171827.0
008 700413s1966 dcuab b 000 0 eng
010 |a  72604983  
035 |a (OCoLC)ocm00063763 
035 |a (OCoLC)63763 
040 |a DLC  |c DLC  |d IAS  |d OCLCQ  |d BTCTA  |d OCLCG  |d UtOrBLW 
043 |a n-us--- 
049 |a TXAM 
050 0 0 |a QE75  |b .P9 no. 498-A 
082 0 0 |a 550/.8 s 
086 0 |a I 19.16:498-A 
100 1 |a Back, William,  |d 1925- 
245 1 0 |a Hydrochemical facies and ground-water flow patterns in northern part of Atlantic Coastal Plain. 
264 1 |a Washington :  |b U.S. Govt. Print. Off,  |c 1966. 
300 |a iv, 42 pages :  |b illustrations, maps. ;  |c 29 cm. 
336 |a text  |b txt  |2 rdacontent 
337 |a unmediated  |b n  |2 rdamedia 
338 |a volume  |b nc  |2 rdacarrier 
490 1 |a Hydrology of aquifer systems 
490 1 |a Geological Survey professional paper 498-A 
500 |a Part of illustrative matter fold. in pocket. 
504 |a Bibliography: pages 41-42. 
650 0 |a Water  |x Analysis. 
650 0 |a Groundwater  |z Atlantic Coast (U.S.) 
830 0 |a Hydrology of aquifer systems. 
830 0 |a Geological Survey professional paper ;  |v 498-A. 
948 |a cataloged  |b h  |c 2012/12/12  |d c  |e mvaldespin  |f 03:20:07 pm 
994 |a C0  |b TXA 
999 |a MARS 
999 f f |s 21ead4ad-fd25-33e7-bfe8-a13fe3d994b4  |i 26ded333-9a3e-3b24-8133-e58f8bd00eea  |t 0 
952 f f |p normal  |a Texas A&M University  |b College Station  |c Sterling C. Evans Library  |d Evans: US Documents (Annex 5th floor)  |t 0  |e I 19.16:498-A  |h Superintendent of Documents classification  |i unmediated -- volume  |m A14839365222 
998 f f |a I 19.16:498-A  |t 0  |l Evans: US Documents (Annex 5th floor)